[Event "ESP-chT Regional U14"]
[Site "Padron"]
[Date "2016.06.23"]
[Round "2.71"]
[White "Buitron Ramil, David"]
[Black "Lamas Tabuenca, Javier"]
[Result "1-0"]
[WhiteElo "1827"]
[BlackElo "1465"]
[PlyCount "35"]
[EventDate "2016.06.23"]
[EventType "team-swiss"]
[EventRounds "6"]
[EventCountry "ESP"]
[SourceTitle "EXT 2017"]
[Source "ChessBase"]
[SourceDate "2016.10.25"]
[SourceVersion "1"]
[SourceVersionDate "2016.10.25"]
[SourceQuality "1"]
[WhiteTeam "Galicia"]
[BlackTeam "Cantabria"]
[WhiteTeamCountry "ESP"]
[BlackTeamCountry "ESP"]

1. e4 g6 2. d4 Bg7 3. Nc3 c6 4. Nf3 d5 5. h3 Nf6 6. e5 Ne4 7. Bd3 Nxc3 8. bxc3 0-0 9. Be3 e6 10. Qd2 Nd7 11. h4 c5 12. h5 Qe7 13. Bh6 f5 14. hxg6 hxg6 15. Bxg7 Qxg7 16. Ng5 Re8 17. Rh7 Qf8 18. Qf4 1-0